000 006810000a22002170004500
003 LK-CoMWRAF
005 20231219134929.0
008 230817t1988 ||||| |||| 00| 0 eng d
020 _a8885840027
040 _aLK-CoMWRAF
_dLK-CoMWRAF
_eLK-CoMWRAF
041 _aeng
082 _a376.98
_bGRO
245 _aGrowing together:
_bwomen, feminism and popular education
260 _aRoma:
_bISIS International,
_c1988
300 _a94 p. : ill. ; 24 cm.
650 _a Feminism and education--Latin America.
650 _aPopular education--Latin America.
650 _aWomen--Education--Social aspects--Latin America.
700 _a Kamel, Rachael
_etrans.
_eed.
942 _cBK
999 _c2436
_d2436